000 00470nam a22002057a 4500
003 bpm
005 20260416122224.0
008 260416b |||||||| |||| 00| p spa d
020 _a9879248449
024 _aS. C. C. / M. C. y E. M.:
040 _aAR-CtUCP
041 _aspa
080 _aCDU
100 _aMux Néstor
245 _aPoesía reunida
260 _aLa Plata
_bAl Margen
_c2000
650 _aLiteratura - Poesía
942 _cLIB
999 _c76657
_d76657